| 000 | 00863nam a2200217 a 4500 | ||
|---|---|---|---|
| 005 | 20230526063545.0 | ||
| 008 | 030902s1990 mx r 000 0 spa d | ||
| 020 | _a9684461100 | ||
| 035 | _aUPN01000128395 | ||
| 049 | _aCG | ||
| 050 | 4 |
_aD849 _bD7.5 |
|
| 100 | 1 |
_aDrucker, Peter Ferdinand, _d1909-2005 _932891 |
|
| 245 | 1 | 4 |
_aLas nuevas realidades : _ben el estado y la política, en la economía y los negocios, en la sociedad y en la imagen del mundo / _cPeter F. Drucker ; tr. Purificación Suárez Herranz. |
| 260 |
_aMéxico : _bHermes, _c1990. |
||
| 300 | _a381 p. | ||
| 534 |
_pTraducción de: _tThe new realities in government and in society in economy and economics and in world view |
||
| 650 | 4 |
_aPolítica mundial _y1989- _91447 |
|
| 650 | 4 |
_aHISTORIA ECONOMICA - _ySIGLO XX _914159 |
|
| 650 | 4 |
_aSociedad de la información _94894 |
|
| 905 | _aLibro | ||
| 999 |
_c100574 _d100574 |
||